[Event "Cannes op"]
[Site "Cannes"]
[Date "1995.??.??"]
[Round "4"]
[White "Dizdarevic, Emir"]
[Black "Sosonko, Gennadi"]
[Result "1-0"]
[WhiteElo "2465"]
[BlackElo "2535"]

1.Nf3 d5 2.g3 c5 3.Bg2 Nc6 4.d4 e6 5.O-O cxd4 6.Nxd4 Bc5 7.Nxc6 bxc6 8.c4 Nf6
9.Qc2 Bb6 10.b3 O-O 11.Nc3 Qe7 12.Bb2 Ba6 13.Na4 Rac8 14.Nxb6 axb6 15.a4 dxc4
16.bxc4 c5 17.Ra3 Rfd8 18.Rb3 Qc7 19.Rb1 Ne8 20.Ba1 Rb8 21.Be4 h6 22.Bd3 f6
23.Bc3 Nd6 24.a5 Bxc4 25.Bxc4 Nxc4 26.axb6 Rxb6 27.Ba5  1-0

[Event "Cannes Martinez op"]
[Site "Cannes"]
[Date "1995.??.??"]
[Round "5"]
[White "Anic, Darko"]
[Black "Midoux, Sebastien"]
[Result "1-0"]
[WhiteElo "2410"]
[BlackElo "1980"]

1.Nf3 d5 2.g3 e6 3.Bg2 f5 4.d3 Nf6 5.O-O Bd6 6.Nc3 e5 7.e4 fxe4 8.dxe4 d4
9.Nb5 c5 10.c3 Nc6 11.cxd4 cxd4 12.Nbxd4 Nxd4 13.Nxd4 exd4 14.e5 Bxe5 15.Re1 Ng4
16.h3 O-O 17.hxg4 Bc7 18.g5 Rb8 19.Re4 d3 20.Be3 Bb6 21.Qb3+ Kh8 22.Bxb6 axb6
23.Qb4 Bf5 24.Rf4 Bg6 25.Rd1 Re8 26.Bf1 Qd5 27.Bxd3 Bxd3 28.Rd4 Qxg5 29.R1xd3 Qc1+
30.Rd1 Qc5 31.Rc4 Qh5 32.Rdc1 Qa5 33.Rg4 Rbc8 34.Rxc8 Rxc8 35.Qe7 Rg8 36.Qxb7 Qe1+
37.Kg2 Qe6 38.Qe4 Qxa2 39.Rh4 h6 40.Qe5 Kh7 41.Rg4 Qa8+ 42.Kg1 Qc6 43.b4 Qf6
44.Qxf6 gxf6 45.Rf4 Rg6 46.Rf5 Rg4 47.Rb5 f5 48.Rxb6 f4 49.Kg2 fxg3 50.fxg3 Kg7
51.b5 Rb4 52.Kh3  1-0

[Event "Cannes Masters"]
[Site "Cannes"]
[Date "1995.??.??"]
[Round "6"]
[White "Sale, Srdjan"]
[Black "Lepelletier, Benoit"]
[Result "0-1"]
[WhiteElo "2390"]
[BlackElo "2385"]

1.Nf3 d5 2.g3 c6 3.Bg2 Nf6 4.O-O Bg4 5.d3 Nbd7 6.c4 e6 7.b3 Bd6 8.Bb2 O-O
9.Nbd2 a5 10.a3 b5 11.Qc2 Qb8 12.h3 Bh5 13.e4 Rc8 14.Rae1 dxe4 15.dxe4 e5
16.Nh4 a4 17.Nf5 Bf8 18.g4 Bg6 19.Re3 Ne8 20.Rc1 f6 21.Bf1 axb3 22.Nxb3 Nb6
23.cxb5 cxb5 24.Qb1 Nc4 25.Rec3 Bxf5 26.exf5 Bxa3 27.Bxa3 Rxa3 28.Qe4 Ned6
29.Qd5+ Kh8 30.Nc5 Rxc3 31.Rxc3 Qa8 32.Bxc4 bxc4 33.Qxa8 Rxa8 34.Kg2 Rc8
35.Na4 Nb5 36.Rc1 c3 37.Nb6 Rc6 38.Ra1 g6 39.Nd5 c2 40.Rc1 Nd4 41.Ne3 gxf5
42.gxf5 Rb6 43.Nxc2 Rc6 44.Nxd4 Rxc1 45.Ne6 Rc3 46.f3 Kg8 47.h4 Kf7 48.Kf2 Ke7
49.Ng7 Rc4 50.Kg3 Rf4 51.Nh5 Rxf5 52.Kg4 Rxh5 53.Kxh5 f5 54.Kg5 Ke6 55.h5 h6+
56.Kxh6 Kf6 57.Kh7 Kf7 58.h6 f4 59.Kh8 e4  0-1

[Event "Cannes Martinez"]
[Site "Cannes"]
[Date "1995.??.??"]
[Round "6"]
[White "Anic, Darko"]
[Black "Ivkov, Borislav"]
[Result "0-1"]
[WhiteElo "2410"]
[BlackElo "2460"]

1.Nf3 d5 2.g3 c6 3.Bg2 Bg4 4.d3 Nf6 5.Nbd2 e6 6.b3 Nbd7 7.Bb2 Bd6 8.h3 Bxf3
9.Bxf3 Be5 10.d4 Bd6 11.O-O a5 12.e4 dxe4 13.Nxe4 Nxe4 14.Bxe4 O-O 15.c4 Nf6
16.Bc2 Qe7 17.a3 Rfd8 18.Qf3 Rac8 19.Rfe1 h6 20.Re2 Kf8 21.Bd3 Rd7 22.c5 Bc7
23.b4 Nd5 24.b5 Qf6 25.Qe4 g6 26.Rb1 Bd8 27.Rc2 Qg7 28.Ba1 Bf6 29.bxc6 bxc6
30.Ba6 Rcd8 31.Rc4 Ne7 32.Rb7 Rd5 33.Bc3 Bxd4 34.Bxa5 Qf6 35.Qe2 Ra8 36.Bc7 Nf5
37.Rb6 e5 38.Qf3 Qe7 39.Rxc6 e4 40.Qf4 e3 41.Rxd4 Rxd4  0-1

[Event "Cannes Martinez"]
[Site "Cannes"]
[Date "1995.??.??"]
[Round "8"]
[White "Anic, Darko"]
[Black "Bacrot, Etienne"]
[Result "1/2-1/2"]
[WhiteElo "2410"]
[BlackElo "2300"]

1.Nf3 d5 2.g3 Bg4 3.Bg2 Nd7 4.c4 e6 5.cxd5 exd5 6.Qb3 Nc5 7.Qe3+ Be7 8.d4 Na4
9.b3 Nb6 10.O-O Nf6 11.Ba3 Nc8 12.Nc3 c6 13.Ne5 O-O 14.Bxe7 Nxe7 15.Nxg4 Nxg4
16.Qd3 f5 17.f3 Nf6 18.e4 fxe4 19.fxe4 dxe4 20.Nxe4 Ned5 21.Ng5 Re8 22.Bh3 Qd6
23.Rae1 Rxe1 24.Rxe1 Nc7 25.Bf5 h6 26.Bh7+ Kf8 27.Nf3 Re8 28.Rf1 Ne6 29.Bg6 Rd8
30.Rd1 c5 31.Qc4 Qd5 32.Qxd5 Rxd5 33.Re1 Nxd4 34.Nxd4 Rxd4 35.Re2 c4 36.bxc4 Rxc4
37.h3 Rc5 38.g4 Rd5 39.Kg2 b5 40.Kg3 a5 41.Rc2 Ke7 42.Rc7+ Rd7  1/2-1/2

[Event "Cappelle op"]
[Site "Cappelle la Grande"]
[Date "1995.??.??"]
[Round "1"]
[White "Lupu, Mircea Sergiu"]
[Black "Gaspariants, Garry"]
[Result "1-0"]
[WhiteElo "2475"]
[BlackElo "2260"]

1.Nf3 d5 2.g3 Nf6 3.Bg2 e6 4.O-O Be7 5.d3 O-O 6.Nbd2 c5 7.e4 d4 8.a4 Nc6
9.Nc4 b6 10.Bg5 Bb7 11.e5 Nd5 12.h4 Qc7 13.Re1 Rad8 14.Nfd2 a6 15.Qh5 g6
16.Qe2 b5 17.axb5 axb5 18.Nd6 Rxd6 19.exd6 Bxd6 20.Bh6 Ncb4 21.Ne4 Rc8 22.c3 dxc3
23.bxc3 Nc6 24.Nxd6 Qxd6 25.Qb2 Nc7 26.c4 Qd4 27.Qxd4 cxd4 28.cxb5 Nxb5 29.Rab1 Nd6
30.Rxb7 Nxb7 31.Bxc6  1-0

[Event "Cappelle op"]
[Site "Cappelle la Grande"]
[Date "1995.??.??"]
[Round "1"]
[White "Sturua, Zurab"]
[Black "Botsari Miladinovic, Anna Maria"]
[Result "1-0"]
[WhiteElo "2550"]
[BlackElo "2355"]

1.Nf3 d5 2.g3 Nf6 3.Bg2 e6 4.O-O Be7 5.c4 O-O 6.b3 c5 7.Bb2 Nc6 8.e3 d4 9.exd4 cxd4
10.Re1 Ne8 11.a3 a5 12.Ne5 Nxe5 13.Rxe5 Bd6 14.Re1 e5 15.d3 Nf6 16.Nd2 Bg4
17.Qc2 Qc7 18.Nf3 Rfe8 19.Bc1 Rac8 20.h3 Bf5 21.Nh4 Be6 22.Qd1 h6 23.Bd2 b6
24.b4 e4 25.dxe4 Bxc4 26.bxa5 bxa5 27.Nf5 Bc5 28.Qf3 Re6 29.Rac1 Bb6 30.Bf1 d3
31.Bxd3 Qd8 32.Rxc4 Rxc4 33.Bxc4 Qxd2 34.Rd1 Bxf2+ 35.Kf1 Nxe4 36.Bxe6 fxe6
37.Ne7+  1-0

[Event "Cappelle op"]
[Site "Cappelle la Grande"]
[Date "1995.??.??"]
[Round "2"]
[White "Moingt, Jean Claude"]
[Black "Gaponenko, Inna"]
[Result "0-1"]
[WhiteElo "2225"]
[BlackElo "2390"]

1.Nf3 d5 2.g3 c6 3.Bg2 Bg4 4.O-O Nd7 5.d3 Ngf6 6.Qe1 e6 7.Nbd2 Bd6 8.h3 Bh5
9.e4 Qc7 10.Nh2 e5 11.Ndf3 O-O 12.Nh4 Rfe8 13.Bg5 a5 14.Kh1 Rac8 15.Nf5 Bf8
16.Bd2 Qb6 17.Rb1 Ra8 18.Ne3 Qb5 19.exd5 cxd5 20.Nxd5 Nxd5 21.c4 Qa6 22.Bxd5 Nc5
23.Qe3 Bg6 24.Qf3 Nxd3 25.Bxb7 e4 26.Bxa6 exf3 27.Bb7 Ra7 28.Bxf3 Nxf2+ 29.Kg2 Bxb1
30.Rxb1 Nd3 31.Nf1 Bb4 32.Be3 Rae7 33.a3 Bd6 34.Bg5 Ne1+  0-1

[Event "Cappelle op"]
[Site "Cappelle la Grande"]
[Date "1995.??.??"]
[Round "2"]
[White "Chuchelov, Vladimir"]
[Black "Shumiakina, Tatiana"]
[Result "1/2-1/2"]
[WhiteElo "2530"]
[BlackElo "2350"]

1.Nf3 d5 2.g3 c6 3.Bg2 Bg4 4.O-O Nd7 5.d3 e5 6.e4 dxe4 7.dxe4 Ngf6 8.h3 Bh5
9.Qe1 Bc5 10.b4 Bd6 11.Nh4 O-O 12.Nf5 Bc7 13.Na3 Bg6 14.Nh4 Re8 15.Nxg6 hxg6
16.Be3 Bb6 17.Nc4 Bxe3 18.Qxe3 Qc7 19.Rfd1 b5 20.Nd6 Re6 21.Qd2 Nb6 22.h4 Re7
23.f4 Rd8 24.fxe5 Nc4 25.Qd4 Nxe5 26.a4 bxa4 27.c4 Nxc4 28.Qxc4 Rxd6 29.Rxd6 Qxd6
30.Qc5 Qxc5+ 31.bxc5 Nxe4 32.Rxa4 Nxc5 33.Rc4 Re5 34.Bxc6 a5 35.Rd4 Kf8 36.Rd8+ Ke7
37.Ra8 Kd6 38.Be8 Re7 39.Kg2 Nb7 40.Rc8 Nc5 41.Ra8 Nb7 42.Rc8 f6 43.Bxg6 Rc7
44.Ra8 Kc5 45.Be4 Kb6 46.Kf3 Nc5 47.Rb8+ Ka6 48.Bd5 Nd7 49.Ra8+ Kb5 50.Kf4 Nb6
51.Rb8 a4 52.Be6 Rc5 53.Bd7+ Ka5 54.Bxa4 Nxa4 55.Rg8 Rc7 56.Kf5 Nc5 57.Kg6 Ne6
58.Re8 Rc3 59.Rxe6 Rxg3+ 60.Kf5 Kb5 61.Kf4 Rg1 62.h5 Kc5 63.Re7 Kd6 64.Ra7 Ke6
65.Rb7 Rg5 66.Ra7 Rf5+ 67.Ke4 Rxh5 68.Rxg7 Rh4+ 69.Kf3 Kf5 70.Ra7 Rh3+ 71.Kg2 Rb3
72.Kf2 Kg5 73.Ra5+ f5 74.Ra4  1/2-1/2

[Event "Cappelle op"]
[Site "Cappelle la Grande"]
[Date "1995.??.??"]
[Round "2"]
[White "Carlier, Bruno"]
[Black "Yakovich, Yuri"]
[Result "1/2-1/2"]
[WhiteElo "2350"]
[BlackElo "2555"]

1.Nf3 d5 2.g3 c6 3.Bg2 Bg4 4.c4 e6 5.b3 Nd7 6.Bb2 Ngf6 7.O-O Bd6 8.d4 O-O
9.Nbd2 Qe7 10.Re1 a5 11.a3 Rfe8 12.e4 dxe4 13.Nxe4 Nxe4 14.Rxe4 Nf6 15.Re3 Qc7
16.Qe1 Bxf3 17.Bxf3 Be7 18.Rd1 Kf8 19.Qe2 Rad8 20.Qc2 Kg8 21.Qb1 Rd7 22.Qa1 Red8
23.Kg2 h6 24.h4 Qb6 25.Rde1 Qc7 26.R1e2 Kf8  1/2-1/2

[Event "Cappelle op"]
[Site "Cappelle la Grande"]
[Date "1995.??.??"]
[Round "5"]
[White "Beikert, Guenther"]
[Black "Fontaine, Robert"]
[Result "1/2-1/2"]
[WhiteElo "2440"]
[BlackElo "2200"]

1.g3 d5 2.Nf3 Nf6 3.Bg2 Bg4 4.b3 c6 5.O-O Nbd7 6.Bb2 e6 7.d3 Bd6 8.h3 Bxf3
9.Bxf3 O-O 10.Nd2 Qe7 11.a3 h5 12.h4 Ne5 13.e4 Nfg4 14.Qe2 Nxf3+ 15.Nxf3 f5
16.exd5 cxd5 17.Rae1 Rae8 18.Ne5 Bxe5 19.Bxe5 g5 20.hxg5 Qxg5 21.Kg2 Qg6
22.Qf3 Rf7 23.Qf4 Rh7 24.f3 Nxe5 25.Qxe5 h4 26.Rh1 hxg3 27.Rxh7 Qxh7 28.Qxg3+ Kf7
29.Kf2 Qh6 30.Qc7+ Re7 31.Qe5 f4 32.Ke2 Qf6 33.Qh5+ Qg6 34.Rh1 Qxh5 35.Rxh5 e5
36.c4 Kg6 37.Rh8 dxc4 38.bxc4 Kf5 39.Rh5+ Kg6 40.Rh8 Kf5 41.Rh5+ Kg6 42.Rh1 Kf5
43.a4 Rg7 44.Kf2 Rd7 45.Ke2 Rg7 46.Rh5+ Kf6 47.d4 exd4 48.Kd3 Rd7 49.a5 Ke6
50.Rh8 Ke5 51.Re8+ Kf5 52.Ra8 a6 53.Re8 Kf6 54.Re4 Kf5 55.Rxd4 Re7 56.Rd5+ Kf6
57.Kd4 Re3 58.Rd7 Rb3 59.Ke4 Rb4 60.Kd5 Rb3 61.Ke4 Rb4 62.Rd4 Ra4 63.Kxf4 Rxa5
64.Rd6+ Ke7 65.Rb6 Ra4 66.Ke5 Rxc4 67.Rxb7+ Kf8 68.f4 Rc5+ 69.Ke6 Rc6+ 70.Kd5 Rc1
71.f5 Re1 72.Ra7 a5 73.Kd6 a4 74.Kd5 a3 75.Rxa3 Kf7 76.Ra6 Re2 77.Re6 Rxe6
78.fxe6+ Ke8 79.Ke5 Ke7 80.Kf5 Ke8  1/2-1/2

[Event "Cappelle op"]
[Site "Cappelle la Grande"]
[Date "1995.??.??"]
[Round "6"]
[White "Ivanov, Mikhail M"]
[Black "Shabalov, Alexander"]
[Result "1/2-1/2"]
[WhiteElo "2450"]
[BlackElo "2570"]

1.Nf3 d5 2.g3 Bg4 3.Bg2 Nd7 4.d4 e6 5.O-O Bd6 6.Nbd2 f5 7.c4 c6 8.Qb3 Rb8
9.Re1 Qf6 10.Ne5 Bxe5 11.dxe5 Qd8 12.cxd5 cxd5 13.Qa3 a6 14.Nb3 Qe7 15.Qa4 Rc8
16.Na5 b5 17.Qd4 Nb8 18.h3 Bh5 19.g4 Bg6 20.Bd2 Qd7 21.Rac1 Ne7 22.Rxc8+ Nxc8
23.Bb4 Kf7 24.Rc1 Rd8 25.Qc5 fxg4 26.hxg4 Be4 27.Nc6 Nxc6 28.Qxc6 Bxg2 29.Kxg2 Ne7
30.Qxa6 d4 31.Bd6 Nd5 32.Rc5 Kg8 33.Qxb5 Qf7 34.Rxd5 exd5 35.Qc5 d3 36.exd3 Qe6
37.Qd4 Re8 38.Qf4 h6 39.b4 Ra8 40.b5 Rxa2 41.Qf8+ Kh7 42.Qf5+ Qxf5 43.gxf5 Rb2
44.e6 Kg8 45.d4 Rxb5 46.f4 Ra5 47.Kg3 Ra6 48.Be5 Ra8 49.Kg4 Rf8 50.Bd6 h5+
51.Kg5 h4 52.e7 Re8 53.Kxh4 Kf7 54.Kg5 Rh8 55.Be5 Rg8 56.Bd6 Re8 57.Kg4 Kf6
58.Bc5 Ra8 59.Bd6 Rh8 60.Be5+ Kf7 61.Bd6 Rh1 62.Kf3 Rh6 63.Be5 Rh8 64.Bd6 Ke8
65.Be5 Kf7 66.Bd6 Rh1 67.Be5 Rh7 68.Bd6 Ke8 69.Kg4 Kf7 70.Kf3 Rh1 71.Be5 Rh8
72.Bd6 Rc8 73.Be5 Ra8 74.Bd6 Kf6 75.Kg4 Rc8 76.Be5+  1/2-1/2

[Event "Cappelle op"]
[Site "Cappelle la Grande"]
[Date "1995.??.??"]
[Round "6"]
[White "Smagin, Sergey"]
[Black "Prie, Eric"]
[Result "1-0"]
[WhiteElo "2540"]
[BlackElo "2480"]

1.Nf3 d5 2.g3 c6 3.Bg2 Bg4 4.O-O Nd7 5.d4 e6 6.Nbd2 f5 7.c4 Bd6 8.Qb3 Rb8
9.Re1 Nh6 10.cxd5 exd5 11.e4 O-O 12.exd5 cxd5 13.Qxd5+ Nf7 14.Ne5 Nf6 15.Qb3 Bh5
16.Ndf3 Ne4 17.Nd3 Kh8 18.Be3 Nfg5 19.Nfe5 Bf7 20.Nxf7+ Nxf7 21.Nc5 Qe7 22.Ne6 Rfe8
23.d5 b6 24.Bd4 Nf6 25.Bc3 Nh6 26.Re2 Qd7 27.Rae1 Re7 28.a3 Rbe8 29.Bxf6 gxf6
30.Qf3 Be5 31.Qh5 Nf7 32.Qxf5 Nd8 33.Rxe5 fxe5 34.Qxe5+ Kg8 35.Bh3 Rg7 36.Re3 Rg6
37.Bf5 Nf7 38.Qd4  1-0

[Event "Cappelle op"]
[Site "Cappelle la Grande"]
[Date "1995.??.??"]
[Round "8"]
[White "Dunnington, Angus J"]
[Black "Muhutdinov, Marat"]
[Result "0-1"]
[WhiteElo "2380"]
[BlackElo "2485"]

1.Nf3 d5 2.g3 c6 3.Bg2 Bg4 4.b3 Nd7 5.Bb2 Ngf6 6.O-O e6 7.d3 Be7 8.Nbd2 O-O
9.h3 Bh5 10.e4 dxe4 11.dxe4 Qc7 12.e5 Nd5 13.a3 b5 14.Qe2 Rab8 15.Rac1 Nc5
16.Ne4 Nxe4 17.Qxe4 Qb6 18.h4 c5 19.Ng5 Bg6 20.Qe2 Bxg5 21.hxg5 Rfd8 22.Rcd1 c4
23.Bxd5 Rxd5 24.Rxd5 exd5 25.Rd1 Be4 26.Rd2 Rc8 27.Bd4 Qg6 28.bxc4 bxc4 29.Qe3 c3
30.Bxc3 Qh5 31.f3 Bxf3 32.Rh2 Qg4 33.Be1 Be4 34.Qxa7 Qxg5 35.Qd4 Qc1 36.Re2 Qxa3
37.e6 fxe6 38.Qe5 Bf5 39.Rf2 Qc5 40.Kh2 h6  0-1

[Event "Castellar op"]
[Site "Castellar"]
[Date "1995.??.??"]
[Round "?"]
[White "Garcia Carbo, Marcial"]
[Black "Formanek, Edward W"]
[Result "1/2-1/2"]
[WhiteElo "2250"]
[BlackElo "2345"]

1.Nf3 d5 2.g3 c5 3.Bg2 Nc6 4.d4 e6 5.O-O Nf6 6.c4 dxc4 7.Ne5 Bd7 8.Na3 cxd4
9.Naxc4 Rc8 10.Bf4 Be7 11.Qb3 Nd5 12.Qxb7 Nxe5 13.Nxe5 Nxf4 14.gxf4 Rc7 15.Qe4 Bc5
16.Rac1 O-O 17.Rxc5 Rxc5 18.Qxd4 Rc7 19.Rd1 f6 20.Nxd7 Rf7 21.Bh3 Rcxd7 22.Qxd7 Rxd7
23.Bxe6+ Kf8 24.Rxd7 Qa5 25.Rf7+ Ke8 26.Rxg7 Qe1+ 27.Kg2 Qxe2 28.f5 a5 29.Rxh7  1/2-1/2

[Event "Catania op"]
[Site "Catania"]
[Date "1995.??.??"]
[Round "3"]
[White "Fabiano, Giuseppe"]
[Black "Ortega, Alejandro"]
[Result "1-0"]
[WhiteElo "2230"]
[BlackElo "2330"]

1.Nf3 d5 2.g3 c6 3.Bg2 Bg4 4.d3 Nd7 5.Nbd2 e5 6.O-O Ngf6 7.e4 Bd6 8.Qe1 O-O
9.h3 Be6 10.Ng5 h6 11.Nxe6 fxe6 12.Nf3 Qc7 13.Bd2 a5 14.a4 Rf7 15.b3 b6 16.Qe2 Raf8
17.Rae1 b5 18.Ra1 b4 19.Rae1 c5 20.Nh4 Re8 21.f4 dxe4 22.dxe4 c4 23.f5 Nf8
24.g4 c3 25.Bc1 Be7 26.Ng6 Bc5+ 27.Kh1 Bd4 28.h4 N6h7 29.g5 hxg5 30.hxg5 exf5
31.exf5 e4 32.Qh5 Qc5 33.Rxe4 Rxe4 34.Bxe4 Nxg6 35.Qxg6 Qe7 36.Rf4 Nf8 37.Qc6 g6
38.Qd5  1-0

[Event "Catania op"]
[Site "Catania"]
[Date "1995.??.??"]
[Round "5"]
[White "Bellomo, Francesco"]
[Black "Pajkovic, Vladimir"]
[Result "0-1"]
[WhiteElo "2360"]
[BlackElo "2430"]

1.Nf3 d5 2.g3 Nc6 3.Bg2 e5 4.d3 Be7 5.O-O Be6 6.a3 a5 7.Nbd2 g5 8.e4 g4 9.Ne1 Nf6
10.c3 h5 11.Qe2 d4 12.Nc2 h4 13.Rd1 hxg3 14.hxg3 Rh5 15.Rb1 a4 16.c4 Nd7
17.b4 axb3 18.Nxb3 Nb6 19.Nb4 Na4 20.Bd2 Bg5 21.Nd5 Kd7 22.Rf1 Bxd2 23.Qxd2 Qg5
24.f4 gxf3 25.Rxf3 Qxd2 26.Nxd2 Kc8 27.Kf2 b6 28.Nb3 Rh6 29.Rc1 Na5 30.Nxa5 Rxa5
31.Kg1 c6 32.Nb4 Kc7 33.Rf2 Rg6 34.Rf3 Rg8 35.Nc2 Nc5 36.Rcf1 b5 37.cxb5 Rxb5
38.Rc1 Rgb8 39.Nb4 Ra8 40.Nc2 Kd6 41.Bf1 Raa5 42.Rf2 Rb3 43.Rd1 Rc3 44.Rdd2 Rb5
45.Rh2 Rb1 46.Nb4 Rxa3 47.Rb2 Rb3  0-1

[Event "Celle Ligure op"]
[Site "Celle Ligure"]
[Date "1995.??.??"]
[Round "?"]
[White "Ortega, Lexy"]
[Black "Kosic, Dragan"]
[Result "0-1"]
[WhiteElo "2435"]
[BlackElo "2500"]

1.Nf3 d5 2.g3 c6 3.Bg2 Bg4 4.d3 Nd7 5.Nbd2 e5 6.c4 Ngf6 7.cxd5 cxd5 8.h3 Bf5
9.g4 Be6 10.Ng5 Bd6 11.Nxe6 fxe6 12.e4 Nc5 13.Qe2 O-O 14.O-O Bc7 15.g5 Ne8
16.b4 Na4 17.Nf3 Qd6 18.Bd2 Rd8 19.d4 exd4 20.e5 Qb6 21.g6 hxg6 22.Rac1 Nc3
23.Bxc3 dxc3 24.Rxc3 Qxb4 25.Rb3 Qf4 26.Rxb7 Bb6 27.Qc2 Qe4 28.Qc6 Rxf3 29.Qxe6+ Kh7
30.Bxf3 Qxf3 31.Rf7 Nc7  0-1

[Event "Ceske Budejovice op"]
[Site "Ceske Budejovice"]
[Date "1995.??.??"]
[Round "7"]
[White "Zolnierowicz, Krzysztof"]
[Black "Dobrovolsky, Ladislav"]
[Result "1-0"]
[WhiteElo "2340"]
[BlackElo "2390"]

1.Nf3 d5 2.g3 Nf6 3.Bg2 e6 4.O-O Be7 5.d3 O-O 6.Nbd2 Nc6 7.e4 dxe4 8.dxe4 e5
9.c3 Be6 10.Qe2 Qc8 11.Nc4 Bg4 12.Qc2 Bd6 13.Nxd6 cxd6 14.Bg5 Qe6 15.Nd2 h6
16.Bxf6 Qxf6 17.Nc4 Rad8 18.Ne3 Be6 19.Rfd1 Ne7 20.Rd2 Rd7 21.Rad1 Rfd8 22.Qa4 a6
23.Qa3 Nc8 24.Bf1 Qg6 25.Qb4 Kh8 26.a4 Qg5 27.h4 Qe7 28.Bc4 g6 29.Bxe6 Qxe6
30.Qc4 Qh3 31.Qf1 Qe6 32.Kh2 Kg7 33.Qc4 Qe8 34.h5 Qe7 35.Kg2 Rc7 36.Qe2 Qe6
37.Rh1 Rh8 38.Qd1 Rc6 39.Nd5 Rc4 40.Qb3 b5 41.axb5 axb5 42.Qxb5 Rc5 43.Qb7 Ra5
44.hxg6 Qxg6 45.Ne3 Ra7 46.Qb4  1-0

[Event "Chambery"]
[Site "Chambery"]
[Date "1995.??.??"]
[Round "?"]
[White "Lauterbach, Ingrid"]
[Black "Cuevas Rodriguez, Ma Luisa"]
[Result "0-1"]
[WhiteElo "2175"]
[BlackElo "2245"]

1.Nf3 d5 2.g3 Bg4 3.Bg2 Nd7 4.h3 Bxf3 5.Bxf3 c6 6.d3 e6 7.O-O Bd6 8.e4 Ngf6
9.Nd2 Qb6 10.Kh1 h5 11.c3 O-O-O 12.Bg2 h4 13.g4 Bb8 14.f4 dxe4 15.dxe4 g5
16.Nc4 Qc5 17.Qe2 Nh7 18.Be3 Qb5 19.Bxa7 gxf4 20.Bxb8 Kxb8 21.e5 Nc5 22.b3 Rd3
23.Rf3 Rhd8 24.Nd6 Qa6 25.Rxd3 Qxd3 26.Qf2 Qxc3 27.Rf1 Ng5 28.Qxh4 Qxe5 29.Nc4 Qf6
30.Qf2 Nd3 31.Qb6 f3 32.h4 fxg2+ 33.Kxg2 Nf3 34.Na5 Nde1+ 35.Rxe1 Nxe1+ 36.Kg1 Qd4+
37.Qxd4 Rxd4 38.Kf2 Nc2 39.Kg3 Kc7 40.h5 f6 41.Nc4 b5 42.Nb2 Ne3 43.h6 Rxg4+
44.Kf3 Rh4 45.Kxe3 Rxh6  0-1

[Event "Chambery"]
[Site "Chambery"]
[Date "1995.??.??"]
[Round "?"]
[White "Lauterbach, Ingrid"]
[Black "Lalic, Susan"]
[Result "1/2-1/2"]
[WhiteElo "2175"]
[BlackElo "2315"]

1.Nf3 d5 2.g3 c5 3.Bg2 Nc6 4.d3 g6 5.Nbd2 Bg7 6.e4 e6 7.O-O Nge7 8.exd5 exd5
9.Nb3 b6 10.c3 O-O 11.Bf4 a5 12.a4 h6 13.h4 Be6 14.d4 c4 15.Nbd2 Ra7 16.Nb1 f6
17.Re1 Bg4 18.Qc1 g5 19.Nh2 gxf4 20.Nxg4 f5 21.Nh2 fxg3 22.fxg3 Qd6 23.Qf4 Qxf4
24.gxf4 Nxd4 25.Na3 Ndc6 26.Re6 Rf6 27.Rxf6 Bxf6 28.Rd1 Bxh4 29.Bxd5+ Nxd5
30.Rxd5 Ne7  1/2-1/2

[Event "US-op"]
[Site "Concord"]
[Date "1995.??.??"]
[Round "6"]
[White "Yermolinsky, Alex"]
[Black "Wolski, Thomas"]
[Result "1-0"]
[WhiteElo "2560"]
[BlackElo "2310"]

1.Nf3 d5 2.g3 g6 3.d4 Bg7 4.Bg2 Nf6 5.c4 dxc4 6.Qa4+ Nbd7 7.Qxc4 Nb6 8.Qc2 Bf5
9.Qd1 Qc8 10.Nc3 O-O 11.O-O Bh3 12.e4 Bxg2 13.Kxg2 c5 14.d5 e6 15.d6 h6 16.Qe2 Qc6
17.Rd1 Na4 18.Nxa4 Qxa4 19.e5 Nd5 20.b3 Qd7 21.Bb2 Rfc8 22.Rac1 a6 23.h4 b5
24.Ba3 Qa7 25.Qe4 Rab8 26.Rc2 a5 27.Rdc1 b4 28.Bb2 Qb6 29.Bd4 Nc3 30.Bxc3 bxc3
31.Rxc3 Qa7 32.Qe3 a4 33.Rxc5 Rxc5 34.Qxc5 Qa8 35.Qc6 Qa5 36.Qc7 Qa8 37.Qxb8+ Qxb8
38.d7  1-0

[Event "Copenhagen3"]
[Site "Copenhagen"]
[Date "1995.??.??"]
[Round "5"]
[White "Aagaard, Jacob"]
[Black "Welling, Gerard"]
[Result "1/2-1/2"]
[WhiteElo "2255"]
[BlackElo "2415"]

1.Nf3 d5 2.g3 c6 3.Bg2 Bg4 4.O-O Nd7 5.h3 Bh5 6.d3 e6 7.Nbd2 Bd6 8.Qe1 Qb6
9.Kh1 Ne7 10.e4 O-O 11.Ng1 Kh8 12.g4 Bg6 13.f4 f6 14.h4 Qc7 15.Nh3 Bf7 16.h5 e5
17.h6  1/2-1/2

[Event "Copenhagen op17"]
[Site "Copenhagen"]
[Date "1995.??.??"]
[Round "6"]
[White "Sinkbaek, Aage"]
[Black "Guindy, Esmat"]
[Result "1/2-1/2"]
[WhiteElo "2220"]
[BlackElo "2045"]

1.Nf3 d5 2.g3 c5 3.Bg2 Nf6 4.O-O Nc6 5.d3 e6 6.Nbd2 Be7 7.e4 Qc7 8.c3 b6
9.exd5 exd5 10.Nb3 O-O 11.Bf4 Bd6 12.Bxd6 Qxd6 13.d4 c4 14.Nbd2 Re8 15.Ne5 Bb7
16.Re1 b5 17.Ndf3 Nd7 18.Nxd7 Qxd7 19.Ne5 Qd6 20.Nxc6 Bxc6 21.Qd2 a5 22.Rxe8+ Rxe8
23.Re1 b4 24.Rxe8+ Bxe8 25.Qe1 Kf8 26.f4 f6 27.h4 Bc6 28.Kf2 Qe7 29.Qxe7+ Kxe7
30.Ke3 Kd6 31.f5 h6 32.Kf4 Be8 33.g4 Bf7 34.Bf3 Kc6 35.Bd1 Kb5 36.h5  1/2-1/2

[Event "Copenhagen op17"]
[Site "Copenhagen"]
[Date "1995.??.??"]
[Round "9"]
[White "Sinkbaek, Aage"]
[Black "Ronneland, Daniel"]
[Result "1-0"]
[WhiteElo "2220"]
[BlackElo "2135"]

1.Nf3 d5 2.g3 c6 3.Bg2 Nf6 4.O-O Bg4 5.b3 e6 6.Bb2 Nbd7 7.d4 Ne4 8.Nfd2 Nd6
9.c4 f5 10.Qc2 Be7 11.f3 Bh5 12.e4 O-O 13.e5 Nf7 14.f4 g5 15.Ba3 gxf4 16.Bxe7 Qxe7
17.Rxf4 Ng5 18.Nc3 a6 19.Raf1 Ne4 20.Ndxe4 fxe4 21.c5 Rxf4 22.Rxf4 Rf8 23.Qf2 Qg5
24.Bh3 Bf3 25.Bxe6+ Kg7 26.Qe3 Nxe5 27.dxe5 Qxe5 28.Rxf8 Kxf8 29.Qf4+ Qxf4
30.gxf4 d4 31.Nxe4 Bxe4 32.Bc8 a5 33.Bxb7 Ke7 34.Bc8 Bb1 35.a3 Bc2 36.Kf2 Bxb3
37.Bf5 h6 38.Ke2 Bc4+ 39.Kd2 Kf6 40.Be4 Bb5 41.Kc2 Ke6 42.Kd2 Kd7 43.Bd3 Ke6
44.f5+ Kd5 45.Bxb5 Kxc5 46.f6  1-0

[Event "Cordoba op"]
[Site "Cordoba"]
[Date "1995.??.??"]
[Round "?"]
[White "Kirov, Nino"]
[Black "Komarov, Dimitri"]
[Result "1/2-1/2"]
[WhiteElo "2460"]
[BlackElo "2575"]

1.Nf3 d5 2.g3 Nc6 3.d4 Bf5 4.Bg2 e6 5.O-O Nb4 6.Ne1 Nf6 7.c3 Na6 8.Bg5 Be7
9.Nd2 c6 10.Nd3 O-O 11.a4 h6 12.Bxf6 Bxf6 13.b4 Nc7 14.Qb3 Ne8 15.Rfd1 Nd6
16.a5 Qe7 17.Ne5 a6 18.c4 Rad8 19.e3 Bh7 20.Ng4 h5 21.Nxf6+ Qxf6 22.h4 Kh8
23.c5 Ne4 24.Nxe4 dxe4  1/2-1/2

[Event "ESP-chT"]
[Site "Cordoba"]
[Date "1995.??.??"]
[Round "8"]
[White "Ramo Frontinan, Cristobal"]
[Black "Bellon Lopez, Juan Manuel"]
[Result "1/2-1/2"]
[WhiteElo "2385"]
[BlackElo "2480"]

1.Nf3 d5 2.g3 Bg4 3.Bg2 e6 4.O-O Nd7 5.d3 c6 6.Nbd2 Qb6 7.b3 Be7 8.Bb2 Bf6
9.Bxf6 Ngxf6 10.e4 O-O 11.Re1 a5 12.a3 Rad8 13.Qc1 Bxf3 14.Nxf3 Ng4 15.Re2 dxe4
16.dxe4 Nde5 17.Qb2 Qc5 18.h3 Nxf3+ 19.Bxf3 Ne5 20.Bg2 Rd4 21.Kh2 Rfd8 22.Rae1 h5
23.f4 Nd7 24.c3 Rd3 25.b4 axb4 26.cxb4 Qa7 27.b5 e5 28.Rd2 Nc5 29.Red1 h4
30.gxh4 exf4 31.bxc6 bxc6 32.e5 Qc7 33.Rxd3 Rxd3 34.Rc1 Na4 35.Rxc6 Rxh3+
36.Bxh3 Qxc6 37.Qb8+ Kh7 38.Qb1+ g6 39.h5 Qf3 40.hxg6+ fxg6 41.Qe1 Kg7 42.e6 Qe3
43.Qxe3 fxe3 44.Kg3 Nb2 45.Kf3 e2 46.Kf2 Kf6 47.Bg4 Ke7 48.Bxe2  1/2-1/2

[Event "Crailsheim op 1st"]
[Site "Crailsheim"]
[Date "1995.??.??"]
[Round "?"]
[White "Kistner, Klaus"]
[Black "Schaefer, Michael"]
[Result "1/2-1/2"]
[WhiteElo "2085"]
[BlackElo "2205"]

1.Nf3 d5 2.g3 Nf6 3.Bg2 c6 4.O-O Bf5 5.d3 e6 6.Nbd2 Be7 7.Nh4 Bg4 8.Qe1 a5
9.e4 Na6 10.a3 dxe4 11.dxe4 Nd7 12.Nhf3 e5 13.Nc4 Bxf3 14.Bxf3 Nac5 15.Bd2 a4
16.Rd1 Qc7 17.Bg4 O-O 18.Ba5 b6 19.Bxd7 bxa5 20.Bh3 Rfe8 21.Qe3 Red8 22.Qc3 f6
23.Qf3 Bd6 24.Rfe1 Qe7 25.Qc3 Bc7 26.Rxd8+ Bxd8 27.Ne3 g6 28.Rd1 Kg7 29.Qc4 Bb6
30.b4 axb3 31.cxb3 Rd8 32.b4 Rxd1+ 33.Nxd1 axb4 34.axb4 Na4 35.Bg4 Bd4 36.h4 h5
37.Qxc6 hxg4 38.Qxa4 Qb7 39.Qc2 Qxb4 40.Qe2 f5 41.Kh2 Qb1 42.exf5 Qxf5  1/2-1/2

[Event "CZE-chT 9495"]
[Site "?"]
[Date "1995.??.??"]
[Round "4"]
[White "Gross, Stefan"]
[Black "Zurek, Milan"]
[Result "1-0"]
[WhiteElo "2370"]
[BlackElo "2420"]

1.Nf3 d5 2.g3 c6 3.Bg2 Bg4 4.b3 Nd7 5.Bb2 e6 6.d3 f5 7.Nbd2 Ngf6 8.O-O Bc5
9.Qe1 O-O 10.e4 fxe4 11.dxe4 Qb6 12.h3 Bh5 13.Ng5 e5 14.Ne6 Rfe8 15.Nxc5 Nxc5
16.exd5 cxd5 17.Kh2 Qd6 18.Nf3 d4 19.Nh4 Rad8 20.Qa5 Qb6 21.Qxb6 axb6 22.g4 Bg6
23.Nxg6 hxg6 24.Rfe1 Nd5 25.Bxd4 Nb4 26.Bxc5 bxc5 27.Re2 b6 28.a4 Nd5 29.Rd1 Nf4
30.Rxe5 Rxd1 31.Rxe8+ Kf7 32.Rb8 Rd2 33.Rxb6 g5 34.Be4 Re2 35.Bf3 Rxf2+ 36.Kg3 Rxc2
37.a5 Ne2+ 38.Bxe2 Rxe2 39.Kf3 Ra2 40.a6 Rb2 41.Ke4 c4 42.Rb7+ Kg6 43.bxc4 Ra2
44.a7 Kh6 45.Kd5 g6 46.Rb3 Rxa7 47.c5 Kg7 48.c6 Kf6 49.Kd6 Ra1 50.c7 Rc1
51.Kd7  1-0

[Event "CZE-chT 9495"]
[Site "?"]
[Date "1995.??.??"]
[Round "6"]
[White "Stratil, Petr"]
[Black "Streitberg, Petr"]
[Result "1/2-1/2"]
[WhiteElo "2265"]
[BlackElo "2260"]

1.Nf3 d5 2.g3 Bg4 3.Bg2 c6 4.d3 Nd7 5.O-O e5 6.Nbd2 Ngf6 7.h3 Bh5 8.e4 dxe4
9.Nxe4 Nxe4 10.dxe4 Bc5 11.Qd3 Qb6 12.Bd2 Rd8 13.Bc3 f6 14.b4  1/2-1/2